La télévision et ses mises en scène (notice n° 1511763)
[ vue normale ]
| 000 -LEADER | |
|---|---|
| fixed length control field | 01651cam a2200133 4500500 |
| 005 - DATE AND TIME OF LATEST TRANSACTION | |
| control field | 20251012000708.0 |
| 041 ## - LANGUAGE CODE | |
| Language code of text/sound track or separate title | fre |
| 042 ## - AUTHENTICATION CODE | |
| Authentication code | dc |
| 100 10 - MAIN ENTRY--PERSONAL NAME | |
| Personal name | Duccini, Hélène |
| Relator term | author |
| 245 00 - TITLE STATEMENT | |
| Title | La télévision et ses mises en scène |
| 260 ## - PUBLICATION, DISTRIBUTION, ETC. | |
| Name of publisher, distributor, etc. | Armand Colin,<br/> |
| Date of publication, distribution, etc. | 2011.<br/> |
| 520 ## - SUMMARY, ETC. | |
| Summary, etc. | La télévision nous offre fictions, reportages, documentaires mais elle est aussi le lieu où, sous la conduite des journalistes et des animateurs, se rencontrent politiques et experts, stars et anonymes invités là comme témoins ou, plus simplement, comme public.Comment regarder ces mises en scène que la télévision nous propose, en direct ou en différé, dans les studios ou sur le lieu même du spectacle annoncé&#8239;?Ce livre décrit les dispositifs télévisuels et leurs décors. Il analyse la construction des messages ainsi que le rôle des différents acteurs afin d’aider le lecteur à devenir un spectateur critique.Cette nouvelle édition profondément remaniée, propose une lecture du paysage télévisuel français. Il met en lumière les grandes évolutions qu’a connu le PAF depuis une dizaine d’années dans ses programmes et la gestion de la multiplication deschaînes. Quels sont les orientations nouvelles et les caractéristiques de la télévision d’aujourd’hui&#8239;? Quel en est le personnel&#8239;?N’assiste-t-on pas à un éternel recommencement (formats d’émissions, décors, propos…)&#8239;?Autant de questions passionnantes que ce volume soulève et analyse. |
| 856 41 - ELECTRONIC LOCATION AND ACCESS | |
| Uniform Resource Identifier | <a href="https://shs.cairn.info/la-television-et-ses-mises-en-scene--9782200255985?lang=fr&redirect-ssocas=7080">https://shs.cairn.info/la-television-et-ses-mises-en-scene--9782200255985?lang=fr&redirect-ssocas=7080</a> |
Pas d'exemplaire disponible.




Réseaux sociaux